000 00657nam a2200181Ia 4500
008 090201s9999 xx 000 0 und d
010 _aKPL-73311
040 _bमराठी
041 _aमराठी
082 _a53794
_b73311
100 _aमहात्मा ज्योतिबा फुले
245 _aशेतकऱ्याचा असूड (रामबाग)
_cमहात्मा ज्योतिबा फुले
250 _a1
260 _c2005
_bराज प्रकाशन
300 _a88
_bमध्यम
600 _aशेतकऱ्याचा असूड (रामबाग)
942 _cBOOK
999 _c250215
_d250215